Spieler der Fußball-Bundesliga - Statistiken

Allgemein
  • Dieses Quiz wurde 68 mal gespielt
    59 seit der letzten Aktualisierung
  • Das Durchschnittsergebnis liegt bei 13 aus 18
Antwortstatistiken
Bildquiz Hint Antwort % Korrekt
FC Bayern München Joshua Kimmich
100%
VfB Stuttgart Deniz Undav
98%
SC Freiburg Matthias Ginter
98%
Borussia Dortmund Nico Schlotterbeck
98%
1. FSV Mainz 05 Nadiem Amiri
96%
RB Leipzig Willi Orbán
91%
Bayer 04 Leverkusen Edmond Tapsoba
89%
Hamburger SV Yussuf Poulsen
87%
TSG 1899 Hoffenheim Andrej Kramarić
85%
1. FC Union Berlin Christopher Trimmel
78%
Werder Bremen Marco Friedl
71%
1. FC Heidenheim Niklas Dorsch
69%
Eintracht Frankfurt Ellyes Skhiri
62%
Borussia Mönchengladbach Marvin Friedrich
47%
1. FC Köln Timo Hübers
47%
VfL Wolfsburg Denis Vavro
38%
FC Augsburg Han-Noah Massengo
35%
FC St. Pauli Karol Mets
5%
Keine übereinstimmenden Quizze gefunden
Verteilung der Resultate
Anzahl Personen mit jedem Resultat
Perzentil nach korrekt beantworteten Fragen
Ihre Resultats-Entwicklung
Sie haben dieses Quiz seit der letzten Aktualisierung nicht gespielt